000 00536nam a2200157Ia 4500
008 231217s9999 xx 000 0 und d
020 _a8178352311
041 _aEnglish
082 _a378.155 RAM;1 R
100 _aRamesh Chandra ed.
245 0 _aUniversal education and technology in 21 century (in 11 volumes) Vol. 3 : impact of media and technology in education
260 _c2003
_bKalpaz
_aNew Delhi
300 _ax, 317
650 _aUniversal,education,21,century,(in,11,volumes),Vol.,education,,designing
942 _cAA
999 _c194048
_d194048